000 00502nam a22001817a 4500
003 SISC
005 20160316140320.0
008 130830t xxu||||| |||| 00| 0 eng d
050 _aMT 95
_bJ17 1996
082 _aHS 782.1
_bJ15 1984
100 _aJacobs, Arthur
_915736
245 _aBook of Opera /
_cArthur Jacobs and Stanley sadie.
260 _aHertfordshire :
_bWordsworth Edition ltd,
_c1984.
300 _a563 p. ;
_c200 cm.
650 _aOpera
_915737
942 _2lcc
_cBK
999 _c10010
_d10010